000 01022cad a22002295a 4500
001 L157089
008 120829s2011 xxk f 000 0 eng d
020 _a9781842198278
035 _a(Sirsi) u157089
041 0 _aeng
100 1 _aMcLaren, Robin
245 0 0 _aCrowdsourcing support of land administration
_ba new, collaborative partnership between citizens and land professionals
260 _aLondon
_bRICS
_c2011
490 0 _aRICS Research
520 _aLooks at crowd sourcing as a method of creating a partnership between land professionals and citizens to capture and maintain information about land rights in areas where there are no, or inadequate, land administration systems.
650 2 4 _aCROWDFUNDING
650 2 4 _aCROWDSOURCING
651 4 _aUnited Kingdom
690 _aPlanning and development
_96259
856 4 0 _uhttps://www.rics.org/profession-standards/knowledge-and-information-services/document-delivery-and-other-kis-fees
_zemail [email protected] to request a copy
942 _n0
_2ddc
999 _c114587
_d114587